000 00628nam a2200241 a 4500
001 nice12345678
003 IN_TiNIC
005 20260116012303.0
008 050524s1980 lona grp 000 0 eng
020 _a0900164
_c117.25
082 0 0 _a227.4
_bCRA
100 _aCragg, Kenneth
245 _aPaul and Peter
_b Meeting in Jerusalem.
260 _aLondon
_bSCM Press
_c1980
300 _a96p
500 _aincludes index and biblioraphy
505 2 _a1.Muharram Namah 2. Hilal-E-Matam
650 _aBible N.T. Epistles of Paul
700 1 _aCragg, Kenneth
902 _bSRS
942 _cBK
999 _c6397
_d6397